000 00904nac a22002657a 4500
001 BR7808012
003 BR-BrBNA
005 20240105114351.0
008 230509b bl.|||m| |||| 00| 0 por d
040 _aBR-BrBNA
_bpor
_cBiblioteca Nacional de Agricultura
072 _aK10; F40
090 _a3140 BR7808012
110 1 _aProjeto de Desenvolvimento e Pesquisa Florestal, Brasilia, DF (Brasil)
_98062
245 1 _aZoneamento ecologico esquematico para reflorestamento no Brasil
260 3 _aBrasilia, DF (Brasil):
_c1978.
300 _a66 p.
490 _aSerie Tecnica - Projeto de Desenvolvimento e Pesquisa Florestal (Brazil)
_vno. 11
_x
500 _a40 illus.; Bibliography p. 64-66 (72 ref.)
650 _aEUCALIPTO
650 _aPINHEIRO
650 _aREFLORESTAMENTO
650 _aZONEAMENTO ECOLOGICO
909 _a202312
_bLúcia Elande
_c55
_dLúcia Elande
942 _2AGRIS
_n0
_cMS
999 _c268941
_d268941